Tribhuvan University Central Library

SLC mathematics practice book : (Record no. 118558)

MARC details
000 -LEADER
fixed length control field 00599nam a2200193 4500
008 - FIXED-LENGTH DATA ELEMENTS--GENERAL INFORMATION
fixed length control field 241219b |||||||| |||| 00| 0 eng d
020 ## - INTERNATIONAL STANDARD BOOK NUMBER
International Standard Book Number 9789937800952
041 ## - LANGUAGE CODE
Language code of text/sound track or separate title ENG
082 ## - DEWEY DECIMAL CLASSIFICATION NUMBER
Edition number 23rd.
Classification number 510/D423s
100 ## - MAIN ENTRY--PERSONAL NAME
Personal name Dhungana, R.P.
245 ## - TITLE STATEMENT
Title SLC mathematics practice book :
Statement of responsibility, etc. R.P. Dhungana.
Remainder of title a complete solution including all formulae with five sets of model questions/
260 ## - PUBLICATION, DISTRIBUTION, ETC.
Place of publication, distribution, etc. Kathmandu:
Name of publisher, distributor, etc. Airawati Prakashan Pvt. Ltd.,
Date of publication, distribution, etc. 2065BS.
300 ## - PHYSICAL DESCRIPTION
Extent 232p. : ill.
650 ## - SUBJECT ADDED ENTRY--TOPICAL TERM
Topical term or geographic name entry element Mathematics
650 ## - SUBJECT ADDED ENTRY--TOPICAL TERM
Topical term or geographic name entry element Arithmetic
9 (RLIN) 8058
650 ## - SUBJECT ADDED ENTRY--TOPICAL TERM
Topical term or geographic name entry element Algebra
650 ## - SUBJECT ADDED ENTRY--TOPICAL TERM
Topical term or geographic name entry element Geometry
942 ## - ADDED ENTRY ELEMENTS (KOHA)
Source of classification or shelving scheme Dewey Decimal Classification
Koha item type ISBN
Holdings
Withdrawn status Lost status Source of classification or shelving scheme Damaged status Not for loan Home library Current library Date acquired Total Checkouts Full call number Barcode Date last seen Price effective from Koha item type
    Dewey Decimal Classification     Tribhuvan University Central Library Tribhuvan University Central Library 12/19/2024   510/D423s IS6895 12/19/2024 12/19/2024 ISBN